• 首页
  • 本馆介绍
  • 公告通知
  • 最新文献
  • 馆藏检索
  • 电子资源
  • 读者导购
  • 参考咨询
  • 我的图书馆
  • 登录
  • 详细信息显示
  • 放入我的书架
  • 预约/预借图书
  • 作者相关作品
  • 分类相关作品
  • 丛书相关作品
  • 出版社相关作品

书目信息

  • 表格格式
  • 工作单格式
  • 卡片格式
题名:
普通物理实验
    
 
作者: 杨述武 主编
分册: 1   力学、热学部分
出版信息: 北京   高等教育出版社  2015
页数: 163页
开本: 26cm
丛书名:
单 册:
中图分类: O4-33 , O3-33
科图分类:
主题词: 普通物理学--实验--高等教育--教材 , 力学--实验--高等教育--教材 , 热学--实验--高等教育--教材
电子资源:
ISBN: 978-7-04-042878-0
000 01049nam0 2200289 450
001 0103740265
005 20160311114005.0
010    @a978-7-04-042878-0@dCNY19.90
100    @a20160125d2015 em y0chiy0120 ea
101 0  @achi
102    @aCN@b110000
105    @aa z 000yy
106    @ar
200 1  @a普通物理实验@9Pu Tong Wu Li Shi Yan @i力学、热学部分@f杨述武[等]主编@h1@b专著
210    @a北京@c高等教育出版社@d2015
215    @a163页@c图@d26cm
300    @a“十二五”普通高等教育本科国家级规划教材 物理学专业实验经典教材
304    @a主编还有:孙迎春、沈国土、赵立竹
330    @a本书收录了长度测量、精密称衡、密度的测量、自由落体运动、牛顿第二运动定律的验证、弹簧振子的研究、水的汽化热的测定、真空的获得与测量等37个力学、热学实验。
606 0  @a普通物理学@x实验@x高等教育@j教材
606 0  @a力学@x实验@x高等教育@j教材
606 0  @a热学@x实验@x高等教育@j教材
690    @aO4-33@v5
690    @aO3-33@v5
701  0 @a杨述武@4主编@9yang shu wu
801  0 @aCN@bAZmarc@c20230903
905    @aBZT@dO4-33@e31:1@f1@sO4-33/31:1
    
    普通物理实验.力学、热学部分/杨述武[等]主编.1.-北京:高等教育出版社,2015
    163页:图;26cm
    “十二五”普通高等教育本科国家级规划教材 物理学专业实验经典教材
    
    ISBN 978-7-04-042878-0:CNY19.90
    本书收录了长度测量、精密称衡、密度的测量、自由落体运动、牛顿第二运动定律的验证、弹簧振子的研究、水的汽化热的测定、真空的获得与测量等37个力学、热学实验。
●
相关链接 在五车中查询图书 在当当中查询图书 在豆瓣中查询图书


正题名:普通物理实验     索取号:O4-33/31:1         预约/预借

序号 登录号 条形码 馆藏地/架位号 状态 备注
1 2000009203   2000009203   旧书回溯/ [索取号:O4-33/31:1] 在馆    
山东省滨州职业学院图书馆 欢迎您!
大连网信软件有限公司© 版权所有